MARC

LEADER 00000nam0a2200000 4500
001 364620
005 20250131094353.0
035 |a (RuTPU)RU\TPU\retro\21978 
090 |a 364620 
100 |a 20211123d1981 k y0rusy50 ca 
101 0 |a rus 
102 |a RU 
105 |a a z 001zy 
200 1 |a Исследования в области инструментального производства и обработки металлов резанием  |e сборник научных трудов  |f Тульский политехнический институт: науч. рук. С. С. Петрухин 
210 |a Тула  |c Изд-во Тульского политехнического ин-та  |d 1981 
215 |a 142 с.  |c ил. 
320 |a Библиогр. в конце ст. 
606 1 |a Инструментальное дело  |2 stltpush  |3 (RuTPU)RU\TPU\subj\12678  |9 39421 
606 1 |a Резание материалов  |2 stltpush  |3 (RuTPU)RU\TPU\subj\24497  |9 48835 
610 1 |a металлообработка 
610 1 |a инструментальное производство 
610 1 |a интенсификация 
610 1 |a себестоимость 
610 1 |a снижение 
610 1 |a экономическая эффективность 
610 1 |a металлорежущие инструменты 
610 1 |a конструкции 
610 1 |a твердые сплавы 
675 |a 621.9.02.002  |v 4 
675 |a 621.91  |v 4 
702 1 |a Петрухин  |b С. С.  |4 340 
712 0 2 |a Тульский политехнический институт  |c (1963-1992)  |3 (RuTPU)RU\TPU\col\284  |9 23322  |4 570 
801 1 |a RU  |b 63413507  |c 20211123 
942 |c BK